000 00340 a2200157 4500
001 162575
020 _a84-87099-95-5
040 _cMagnum
100 _aVillanueva, Clara
240 1 0 _aDe fiesta en invierno
_lESP
245 1 0 _aDe fiesta en invierno
300 _a30
362 0 _a1995
697 _aLITERATURA ESPANHOLA
942 _cBK
999 _c162575
_d162575